[Event "AUS-ch reserves"]
[Site "Melbourne"]
[Date "2001.12.31"]
[Round "4"]
[White "Ivanov, Nikola"]
[Black "Veljanovski, Goran"]
[Result "1-0"]
[WhiteElo "1449"]
[BlackElo "1542"]
[PlyCount "69"]
[EventDate "2001.12.28"]
[EventType "swiss"]
[EventRounds "11"]
[EventCountry "AUS"]
[SourceTitle "EXT 2003"]
[Source "ChessBase"]
[SourceDate "2002.11.25"]
[SourceVersion "1"]
[SourceVersionDate "2002.11.25"]
[SourceQuality "1"]

1. e4 e6 2. Nc3 b6 3. b3 Bb7 4. Bb2 c5 5. Nge2 Nf6 6. Ng3 Bd6 7. Bd3 Bxg3 8. fxg3 Nc6 9. 0-0 a6 10. Ne2 e5 11. Bc4 b5 12. Bd5 d6 13. g4 Qb6 14. h3 Nxd5 15. exd5 Ne7 16. Ng3 0-0 17. d3 Nxd5 18. Qd2 Nf4 19. Rxf4 exf4 20. Qxf4 Qc6 21. Qd2 d5 22. Nf5 d4 23. Ne7+ Kh8 24. Nxc6 Bxc6 25. Rf1 Rae8 26. Rf2 Re7 27. Qg5 Rfe8 28. Qxc5 Bb7 29. Qxd4 f6 30. Qb6 Bc8 31. Rxf6 Rb7 32. Qxa6 Rbe7 33. Qd6 Rd7 34. Rf8+ Rxf8 35. Qxf8# 1-0